| 000 | 00633nam a22002057a 4500 | ||
|---|---|---|---|
| 999 |
_c9848 _d9848 |
||
| 003 | AR-CdUCM | ||
| 008 | 190328b ||||| |||| 00| 0 spa d | ||
| 040 |
_aMUNICIPALIDAD PROVINCIAL DEL CUSCO _cBIBLIOTECA MUNICIPAL DEL CUSCO |
||
| 082 |
_a869.56 / _bG22 |
||
| 100 |
_aGambetta, Fredy _915182 |
||
| 245 | _aDespués de la sangre / | ||
| 260 |
_aTacna : _bHojas al Viento, _c1981. |
||
| 300 |
_a35 paginas ; _c16 cm. |
||
| 500 | _aDonación familia Nieto. | ||
| 505 | _aContenido :Después de la sangre. | ||
| 650 |
_aPoesías peruanas _91481 |
||
| 650 |
_aPoesías del siglo XX. _915565 |
||
| 942 |
_2ddc _cLIBROS |
||
| 945 | _arum | ||